| 000 | 00958nam a22002417a 4500 | ||
|---|---|---|---|
| 005 | 20170511143716.0 | ||
| 010 | _a1617EN | ||
| 020 |
_a9788120349469 _c395.00 |
||
| 035 | _aB-653622-626 | ||
| 035 | _aB-665168 | ||
| 037 |
_bABC _adpl |
||
| 082 | _a001.42 | ||
| 100 | _aPanneerselvam, R. | ||
| 245 |
_aResearch methodology / _cby R. Panneerselvam |
||
| 250 | _a2nd ed | ||
| 260 |
_aDelhi _bPHI Learning _c2016 |
||
| 270 |
_aRimjhim House, 111, Patparganj Industrial Estate _bDelhi _e110092 |
||
| 300 |
_axvi,699p. : _c24cm(pbk) _bill. |
||
| 500 | _aIncludes index | ||
| 942 |
_2ddc _cEN _mPAN _h001.42 |
||
| 999 |
_c101779 _d101779 |
||